| 000 | 00367nam a2200157Ia 4500 | ||
|---|---|---|---|
| 003 | 0100 | ||
| 008 | 130307s9999 xx 000 0 und d | ||
| 040 | _cARRUPELIB | ||
| 050 | _aHD1265.R45 | ||
| 100 | _aRiddell, Roger | ||
| 245 | 4 | _aThe Land Question | |
| 260 | _aLondon | ||
| 260 | _bCatholic Institute for International Relations | ||
| 300 | _a40p | ||
| 942 | 0 | 0 | _01 |
| 999 |
_c92581 _d92581 |
||